| 000 | 00739nam a22002537a 4500 | ||
|---|---|---|---|
| 003 | dpl | ||
| 005 | 20180725121858.0 | ||
| 008 | 180725b xxu||||| |||| 00| 0 eng d | ||
| 010 | _aA-937826 | ||
| 020 |
_c150.00 _a8171440533 |
||
| 035 | _aA-937826, A-937849 | ||
| 037 | _bCen Lib/Ret | ||
| 040 |
_aDPL _bEN _c0 |
||
| 082 |
_aS _bMAT |
||
| 245 |
_aOdyssey : _cedited by Divya Mathur _bshort storis by Indian women writers settled abroad / |
||
| 260 |
_aNew Delhi _bStar publications _c1998 |
||
| 270 |
_bNew Delhi _a4/5, Asaf ali road _e110002 |
||
| 300 |
_a136p.: _c20cm(Hb) _bill. |
||
| 500 | _a | ||
| 650 |
_aLiterature _96262 |
||
| 650 |
_aShort stories _944 |
||
| 700 |
_aMathur, Divya _9113204 |
||
| 942 |
_2ddc _cEN _hN _mMAT |
||
| 999 |
_c130536 _d130536 |
||